header

The rise of the Labour Party, 1893-1931 (Record no. 1189)

MARC details
000 -LEADER
fixed length control field 01336nam a2200337 a 4500
082 04 - DEWEY DECIMAL CLASSIFICATION NUMBER
Classification number 324.24107/09
100 1# - MAIN ENTRY--AUTHOR NAME
Personal name Phillips, G. A.
245 14 - TITLE STATEMENT
Title The rise of the Labour Party, 1893-1931
260 ## - PUBLICATION, DISTRIBUTION, ETC. (IMPRINT)
Place of publication London ;
-- New York :
Name of publisher Routledge,
Year of publication 1992.
300 ## - PHYSICAL DESCRIPTION
Number of Pages x, 70 p.
490 1# - SERIES STATEMENT
Series statement Lancaster pamphlets
856 40 - ELECTRONIC LOCATION AND ACCESS
Uniform Resource Identifier http://site.ebrary.com/lib/rucke/Doc?id=5001422

No items available.

© 2026 Rongo University
Contact us: librarian | system librarian | Rongo university